| 000 | 00500nam a2200145Ia 4500 | ||
|---|---|---|---|
| 005 | 20241213054534.0 | ||
| 008 | 240331s9999 xx 000 0 und d | ||
| 082 |
_bNEW _a823 |
||
| 245 | 4 |
_aThe new Lankan review : _b30468 |
|
| 260 |
_aColombo _bSam Printing Works _c1983 |
||
| 300 | _a68 p ., | ||
| 500 | _aThe Poetry and prose are selected from Lankan Anthology a series of original writing in English by Sri Lankans, Presented fortnightly on the SLBC. | ||
| 700 |
_aWijesinha, R. _eedt |
||
| 942 | _cL | ||
| 999 |
_c3327 _d3327 |
||